000 00528nam a22002297a 4500
003 UA-OsUOA
001 29027
007 ta
008 20050523b un ||||| |||| 00| 0 ukr d
090 _a(031)94
_bС56
942 _cBK
040 _aUA-OsUOA
_brus
_cUA-OsUOA
_dUA-OsUOA
245 _aНахимсон-Пергам
_cРед. Е. М.Жуков
300 _a1039 с.
_bІлюстрації
955 _a0
041 _arus
080 _a(031)94
260 _c1967
044 _aRU
650 7 _2UDC
999 _c315404
_d315404